Coffee, class, and power in Central America. Coffee and Power: Revolution and the Rise of Democracy in Central América /

Uloženo v:
Podrobná bibliografie
Hlavní autor: Chilcote, Ronald H.
Další autoři: Paige, Jeffrey M. (reseñador)
Médium: Text
Témata:
Tagy: Přidat tag
Žádné tagy, Buďte první, kdo vytvoří štítek k tomuto záznamu!

MARC

LEADER 00000 a a2200000 04500
001 9170
003
040
100 |a Chilcote, Ronald H.  
245 |a Coffee, class, and power in Central America. Coffee and Power: Revolution and the Rise of Democracy in Central América /  |c Ronald H. Chilcote ; Jeffrey M. Paige 
500 |a Datos de edición: Coffee and Power...Cambridge, MA: Harvard University Press, 1977. 432 p  
650 |a HISTORIA ECONOMICA  
650 |a CAFE  
650 |a ASPECTOS POLITICOS  
650 |a AMERICA CENTRAL  
700 |a Paige, Jeffrey M.   |e reseñador  
773 |g volumen 26, número 2; páginas 169-171  
999 |c 35140  |d 35140